Los derechos económicos, sociales y culturales: el derecho a la educación de los niños /
Na minha lista:
| Autor principal: | |
|---|---|
| Formato: | Livro |
| Idioma: | Spanish |
| Publicado em: |
[s.n]:
2006
Comisión de Derechos Humanos,
|
| Assuntos: | |
| Tags: |
Adicionar Tag
Sem tags, seja o primeiro a adicionar uma tag!
|
MARC
| LEADER | 00000nam a2200000Ia 4500 | ||
|---|---|---|---|
| 008 | 180228b2006 xxu||||| |||| 00| | spa d | ||
| 999 | |c 1582 |d 1582 | ||
| 090 | |a 06.02.02 |b 492 | ||
| 100 | 1 | |a Muñoz Villalobos, V. |9 3432 | |
| 245 | 1 | 0 | |a Los derechos económicos, sociales y culturales: el derecho a la educación de los niños / |c V. Muñoz Villalobos |
| 260 | |a [s.n]: |c Comisión de Derechos Humanos, |b 2006 | ||
| 300 | |a 28 páginas | ||
| 650 | 1 | 4 | |a DERECHOS HUMANOS |9 588 |
| 650 | 1 | 4 | |a POBREZA |9 263 |
| 650 | 1 | 4 | |a EDUCACIÓN |9 1 |
| 942 | |i 001981 ,003546 |h 06.02.02 492 |2 z |c 01 | ||
